000 00720nam a2200241Ia 4500
003 OSt
005 20220923211351.0
006 a|||||r|||| 00| 0
007 ta
008 220922b |||||||| |||| 00| 0 hin d
020 _a9788186700845 (hbk)
024 _a224,756
037 _cTextual
040 _aARTS
_cARTS
_bhin
041 _2hin
_ahin
082 _aQ11:21, 152P4.1-.6(RR)
100 _aकम्बोज, जियालाल, संपा.
245 0 _aऋग्वेदसंहिता
246 _aṚugvedasanhitā
260 _c2004
942 _hQ11:21, 152P4.1-.6(RR)
_cTEXL
_2CC
999 _c298850
_d298850